Latviešu tautas dzīvā spēka nozīme senatnē, nebrīvības laikos un nacionālā valstī
| Titel: | Latviešu tautas dzīvā spēka nozīme senatnē, nebrīvības laikos un nacionālā valstī |
|---|---|
| Verfasser: | |
| In: |
Acta medico-historica Rigensia, Band 4 (23) (1999), Seite 161-187 alle Artikel anzeigen |
| Veröffentlicht: | 1999 |
| Format: | Aufsatz |
| Sprache: | Lettisch |
X
alg: 39286571 001A $01999:11-11-16 001B $01999:27-04-21 $t20:51:51.000 001D $01999:11-11-16 001U $0utf8 001X $00 002@ $0Aox 003@ $0392865718 007A $0392865718 $aHEB 007T $0Herde07204 010@ $alav 011@ $a1999 021A $aLatviešu tautas dzīvā spēka nozīme senatnē, nebrīvības laikos un nacionālā valstī 027A $aDie Bedeutung der lebendigen Kraft des lettischen Volkes in alten Zeiten, in der Zeit der Unfreiheit und im nationalen Staat 028A $aAlksnis $dJēkabs 031A $d4 (23) $h161-187 $j1999 039B $aIn $8--Abvc--. Acta medico-historica Rigensia. - Riga : Museum, 1992-. - ISSN 1022-8012 $x199900000040000839 $904863297X 045F $a306.094796 $eDDC23BSB 045F/01 $a306.09 045F/03 $g4796 046C $aDie Bedeutung der lebendigen Kraft des lettischen Volkes in alten Zeiten, in der Zeit der Unfreiheit und im nationalen Staat $bÜbers. des Hauptsacht. lok: 39286571 78 exp: 39286571 78 1 #EPN 201B/01 $019-04-17 $t11:38:47.000 201U/01 $0utf8 203@/01 $0788975978 208@/01 $a11-11-16 $be 209A/01 $a/ $f000 $x00 220C/01 $aTitelaufnehmer: pk;kk 220C/01 $aHerkunft: Baltische Bibliographie / P. Kaegbein 237A/01 $aweiterführende Signatur(en): 38 M: Se 1949 244Z/01 $2Trx $#Latvija $#Lettland $#Łotwa $#Lotyšsko $8--Trx--Latvija $x01 $9391275879 244Z/01 $2Trx $#lätlased $#latviai $#Latvians $#lettek $#Łotysze $#Lotyši $#Lotyši $8--Trx--Letten $x02 $9391367196 244Z/01 $2Trx $8--Trx--Zeitschriftenaufsatz $x03 $9391384341 245Z/01 $a08.04.06 $x01 247C/01 $82080>Marburg/Lahn, Herder-Institut, Forschungsbibliothek, Bibliographieportal $9336309341
| LEADER | 00000caa a22000002c 4500 | ||
|---|---|---|---|
| 001 | 392865718 | ||
| 003 | DE-603 | ||
| 005 | 20210427205151.0 | ||
| 007 | tu | ||
| 008 | 161111s1999 xx |||| | u00||u|lav c | ||
| 035 | |a (DE-599)HEB392865718 | ||
| 040 | |a DE-603 |b ger |c DE-603 |d DE-603 | ||
| 041 | |a lav | ||
| 082 | 0 | 4 | |8 1\u |a 306.094796 |q DE-101 |2 23/BSB |
| 085 | |8 1\u |b 306.09 | ||
| 085 | |8 1\u |z 2 |s 4796 | ||
| 100 | 1 | |a Alksnis, Jēkabs | |
| 245 | 0 | 0 | |a Latviešu tautas dzīvā spēka nozīme senatnē, nebrīvības laikos un nacionālā valstī |
| 246 | 1 | |i Übers. des Hauptsacht. |a Die Bedeutung der lebendigen Kraft des lettischen Volkes in alten Zeiten, in der Zeit der Unfreiheit und im nationalen Staat | |
| 246 | 1 | 3 | |a Die Bedeutung der lebendigen Kraft des lettischen Volkes in alten Zeiten, in der Zeit der Unfreiheit und im nationalen Staat |
| 264 | 0 | |c 1999 | |
| 773 | 0 | 8 | |i In |t Acta medico-historica Rigensia |d Riga : Museum, 1992- |x 1022-8012 |g Band 4 (23) (1999), Seite 161-187 |w (DE-603)04863297X |w (DE-600)1161004-9 |
| 924 | 0 | |9 2080 |a (DE-603)788975978 |b DE-2080 |c HES |d d |g / | |


